[Event "Lone Pine"]
[Site "Lone Pine"]
[Date "1976.??.??"]
[Round "2"]
[White "Loftsson, Julius H"]
[Black "Saidy, Anthony Fred"]
[Result "1/2-1/2"]
[WhiteElo "2200"]
[BlackElo "2435"]

1.Nf3 Nf6 2.c4 g6 3.g3 Bg7 4.Bg2 O-O 5.O-O d6 6.d4 Nc6 7.Nc3 a6 8.Qd3 Rb8
9.d5 Nb4 10.Qb1 a5 11.Bd2 Bd7 12.e4 c6 13.Re1 cxd5 14.cxd5 Qc7 15.h3 Rfc8
16.Bf1 Qd8 17.Qd1 e6 18.a3 Na6 19.dxe6 Bxe6 20.Bf4 Ne8 21.Nd4 Qe7 22.Nxe6 fxe6
23.Rc1 Kh8 24.h4 Nc5 25.Bh3 Be5 26.Be3 Rc6 27.Bd4 Qf6 28.Be3 Qe7 29.f4 Bg7
30.Bd4 Nc7 31.Bxg7+ Qxg7 32.Kh2 e5 33.fxe5 Qxe5 34.Qe2 Re8 35.Rcd1 Rb6 36.Qf2 Kg7
37.Rf1 Qe7 38.Rd2 Rf8 39.Qxf8+ Qxf8 40.Rxf8 Kxf8 41.Bf1 Rb3 42.Bc4 Rb6  1/2-1/2

[Event "Lone Pine"]
[Site "Lone Pine"]
[Date "1976.??.??"]
[Round "6"]
[White "Diesen, Mark C"]
[Black "Watson, John L"]
[Result "0-1"]
[WhiteElo "2325"]
[BlackElo "2200"]

1.Nf3 Nf6 2.c4 g6 3.g3 Bg7 4.Bg2 O-O 5.O-O d6 6.Nc3 e5 7.d4 Nbd7 8.e4 c6
9.h3 Qb6 10.Rb1 Qb4 11.Qb3 a5 12.Be3 exd4 13.Bxd4 Ra6 14.Rfd1 Re8 15.Qc2 h6
16.Nd2 a4 17.Nf3 c5 18.Be3 Qxc4 19.Bf1 Qe6 20.Bxa6 bxa6 21.Qxa4 Qxh3 22.Rxd6 Re5
23.Qd1 Rh5 24.Nh4 Ng4 25.Qf3 Qh2+ 26.Kf1 Nde5 27.Rd8+ Kh7 28.Ke2 Nxf3 29.Nxf3 Qh3
30.Ng1 Qg2 31.Rxc8 Nxe3 32.Kxe3 Bd4+ 33.Kd3 Qxf2 34.Nge2 Rh2  0-1

[Event "Lone Pine"]
[Site "Lone Pine"]
[Date "1976.??.??"]
[Round "6"]
[White "Loftsson, Julius H"]
[Black "Tisdall, Jonathan D"]
[Result "1-0"]
[WhiteElo "2200"]
[BlackElo "2390"]

1.Nf3 Nf6 2.c4 g6 3.g3 Bg7 4.Bg2 O-O 5.d4 d5 6.cxd5 Nxd5 7.O-O Nc6 8.Nc3 Nb6
9.e3 e5 10.d5 Na5 11.e4 Bg4 12.h3 Bxf3 13.Qxf3 Nac4 14.b3 Nd6 15.Ba3 Qd7
16.Rac1 Rac8 17.Qe2 Rfe8 18.Rfd1 Bf8 19.Bb2 Bh6 20.Rc2 c6 21.dxc6 Qxc6 22.a4 Red8
23.h4 Bg7 24.Rcc1 Qe8 25.a5 Na8 26.Ba3 Qe6 27.Bxd6 Rxd6 28.Rxd6 Qxd6 29.Bh3 Qa3
30.Qe3 Rf8 31.h5 Rd8 32.h6 Bf8 33.Nd5 Qxa5 34.Qg5 Rxd5 35.exd5 Qxd5 36.Rc8 Nb6
37.Rd8 Qc5 38.Bf1 Qc6 39.Qxe5 f6 40.Qb8 Nd7 41.Bc4+ Qxc4 42.bxc4 Nxb8 43.Rxb8 b6
44.Rc8 a5 45.Rb8 a4 46.Rxb6 Kf7 47.Ra6 a3 48.Kf1  1-0

[Event "Kringsja"]
[Site "Oslo"]
[Date "1976.??.??"]
[Round "8"]
[White "Flesch, Janos"]
[Black "Iskov, Gert"]
[Result "1-0"]
[WhiteElo "2390"]
[BlackElo "2415"]

1.Nf3 Nf6 2.g3 g6 3.Bg2 Bg7 4.c4 O-O 5.O-O Nc6 6.d4 d5 7.cxd5 Nxd5 8.Nc3 Nb6
9.e3 e5 10.d5 Ne7 11.e4 Bg4 12.a4 c6 13.a5 Nc4 14.Qa4 Nd6 15.Rd1 cxd5 16.Nxd5 Nxd5
17.Rxd5 Be6 18.Rd3 Rc8 19.Be3 Rc6 20.Rad1 Qb8 21.Ng5 Nc4 22.Bc1 Bh6 23.Nxe6 Bxc1
24.Nxf8 Nxb2 25.Qxc6 Nxd3 26.Nd7  1-0

[Event "Kringsja"]
[Site "Oslo"]
[Date "1976.??.??"]
[Round "9"]
[White "Flesch, Janos"]
[Black "Gereben, Erno"]
[Result "1/2-1/2"]
[WhiteElo "2390"]
[BlackElo "2325"]

1.Nf3 Nf6 2.c4 g6 3.g3 Bg7 4.Bg2 O-O 5.O-O d6 6.d4 Nbd7 7.Nc3 e5 8.e4 exd4
9.Nxd4 Nc5 10.h3 Re8 11.Re1 a5 12.Rb1 Nfd7 13.Be3 Ne5 14.b3 Bd7 15.Qc2 a4
16.Red1 axb3 17.axb3 Qc8 18.Kh2 Nc6 19.Nd5 Ne7 20.Rbc1 Nxd5 21.cxd5 Qd8 22.Ne2 b6
23.Bd4 Qe7 24.Bxg7 Kxg7 25.Nc3 Qf6 26.b4 Na6 27.Rb1 h5  1/2-1/2

[Event "CSR-ch"]
[Site "Ostrava"]
[Date "1976.??.??"]
[Round "5"]
[White "Meduna, Eduard"]
[Black "Lechtynsky, Jiri"]
[Result "1/2-1/2"]
[WhiteElo "2300"]
[BlackElo "2380"]

1.Nf3 Nf6 2.g3 g6 3.Bg2 Bg7 4.c4 O-O 5.O-O c6 6.d4 d6 7.Nc3 Qa5 8.h3 Be6
9.Nd2 Na6 10.e4 Qb6 11.d5 Bd7 12.Rb1 Rfc8 13.Qe2  1/2-1/2

[Event "CSR-ch"]
[Site "Ostrava"]
[Date "1976.??.??"]
[Round "9"]
[White "Neckar, Lubomir"]
[Black "Jankovec, Ivan"]
[Result "1-0"]
[WhiteElo "2330"]
[BlackElo "2375"]

1.Nf3 Nf6 2.c4 g6 3.g3 Bg7 4.Bg2 O-O 5.O-O c6 6.d4 d6 7.Nc3 Qa5 8.h3 Be6
9.d5 cxd5 10.Nd4 Bd7 11.Nb3 Qa6 12.cxd5 b5 13.a3 Rc8 14.Bg5 h6 15.Be3 Be8
16.Nd4 Qb7 17.Qd2 Kh7 18.Rac1 Na6 19.b4 Nc7 20.Nb3 Rab8 21.Na5 Qa6 22.f4 Na8
23.Ne4 Nb6 24.Nxf6+ Bxf6 25.f5 Nc4 26.fxg6+ fxg6 27.Nxc4 Rxc4 28.Rxc4 bxc4
29.Bd4 Bxd4+ 30.Qxd4 Qb6 31.Qf2 Qxf2+ 32.Kxf2 a5 33.bxa5 Rb3 34.Ra1 Bb5 35.Be4 Ba6
36.a4 Rb4 37.Ke3 Kg7 38.Bc2 Kf6 39.Kd4 c3+ 40.Kxc3 Rc4+ 41.Kb3 Rc5 42.Bd3 Bb7
43.e4 Rxa5 44.Kb4 Rc5 45.a5 Ke5 46.a6 Ba8 47.Bb5 Kxe4 48.Bc6 Rxc6 49.dxc6 Bxc6
50.a7 Kf3 51.Rc1  1-0

[Event "Poznan"]
[Site "Poznan"]
[Date "1976.??.??"]
[Round "2"]
[White "Doda, Zbigniew"]
[Black "Borkowski, Franciszek"]
[Result "1-0"]
[WhiteElo "2405"]
[BlackElo "2350"]

1.Nf3 g6 2.g3 Bg7 3.Bg2 Nf6 4.c4 O-O 5.O-O d6 6.Nc3 e5 7.d3 Re8 8.Bd2 c6
9.Rc1 Bd7 10.a3 Qc8 11.Ng5 Rf8 12.f4 Ne8 13.e4 h6 14.Nf3 Na6 15.Be3 Nf6 16.Kh1 Nc7
17.Qd2 Ng4 18.Bg1 exf4 19.gxf4 Qd8 20.Rce1 Be6 21.Ne2 c5 22.Ng3 Rb8 23.e5 h5
24.exd6 Na6 25.Ne4 b5 26.Nxc5 Nxc5 27.Bxc5 bxc4 28.d4 Qd7 29.Ng5 Rfc8 30.Nxe6 fxe6
31.Qe2 Kf7 32.Qxc4 Nf6 33.b4 Bf8 34.f5 gxf5 35.d5 exd5 36.Bxd5+ Kg6 37.Rg1+ Kh7
38.Be6 Qc6+ 39.Rg2 Re8 40.Qf4 Bg7 41.Kg1  1-0

[Event "Poznan"]
[Site "Poznan"]
[Date "1976.??.??"]
[Round "6"]
[White "Doda, Zbigniew"]
[Black "Bielczyk, Jacek"]
[Result "1/2-1/2"]
[WhiteElo "2405"]
[BlackElo "2375"]

1.Nf3 Nf6 2.c4 g6 3.g3 Bg7 4.Bg2 O-O 5.O-O d6 6.Nc3 e5 7.d3 Nc6 8.Rb1 a5
9.a3 Re8 10.Bg5 h6 11.Bxf6 Bxf6 12.b4 axb4 13.axb4 Be6 14.Nd2 Qd7 15.b5 Nd8
16.Qc2 c6 17.bxc6 bxc6 18.Rb6 Be7 19.Rfb1 d5 20.cxd5 cxd5  1/2-1/2

[Event "Poznan"]
[Site "Poznan"]
[Date "1976.??.??"]
[Round "9"]
[White "Doda, Zbigniew"]
[Black "Szymczak, Zbigniew"]
[Result "0-1"]
[WhiteElo "2405"]
[BlackElo "2400"]

1.Nf3 Nf6 2.g3 g6 3.Bg2 Bg7 4.c4 O-O 5.O-O d6 6.d4 Nc6 7.Nc3 a6 8.Bd2 e5
9.d5 Ne7 10.e4 c5 11.a4 a5 12.Ne1 Ne8 13.Nd3 f5 14.f4 exf4 15.Bxf4 fxe4 16.Nxe4 Nf5
17.Qd2 h6 18.Kh1 g5 19.Nxg5 hxg5 20.Bxg5 Nf6 21.Rae1 b6 22.Qd1 Qc7 23.g4 Nd4
24.Bxf6 Bxf6 25.g5 Bg7 26.Rxf8+ Bxf8 27.Nf4 Bf5 28.Ne6 Qh7 29.Nxd4 cxd4 30.Qxd4 Bg7
31.Qxb6 Be5 32.Qg1 Rb8 33.c5 Rxb2 34.c6 Qh4 35.c7 Bxh2 36.Re8+ Kf7  0-1

[Event "Vitrobud op"]
[Site "Sandomierz"]
[Date "1976.??.??"]
[Round "4"]
[White "Schinzel, Wladyslaw"]
[Black "Doda, Zbigniew"]
[Result "1/2-1/2"]
[WhiteElo "2370"]
[BlackElo "2405"]

1.c4 g6 2.g3 Bg7 3.Bg2 Nf6 4.Nf3 O-O 5.O-O d6 6.Nc3 c6 7.d4 Nbd7 8.b3 Re8
9.Bb2 a6 10.d5 cxd5 11.cxd5 Ne4 12.Nd4 Nxc3 13.Bxc3 Nf6 14.Qd2 a5 15.h3 Bd7
16.Kh2 Qb6 17.e4 Rec8 18.Rac1 a4 19.f4 axb3 20.axb3 Be8 21.e5 Nd7 22.e6 fxe6
23.dxe6 Nc5 24.Bd5 Bc6 25.Nxc6 bxc6 26.b4 Bxc3 27.Qxc3 Na4 28.Qf3 cxd5 29.f5 gxf5
30.Qxf5 Kh8 31.Rf4 Rf8 32.Qxf8+ Rxf8 33.Rxf8+ Kg7 34.Rcf1 Qc7 35.R8f7+ Kh8
36.Rf8+ Kg7 37.R8f7+ Kg8 38.Rf8+  1/2-1/2

[Event "Hoogovens-B"]
[Site "Wijk aan Zee"]
[Date "1976.??.??"]
[Round "8"]
[White "Szmetan, Jorge"]
[Black "Marcus, Joost"]
[Result "1/2-1/2"]
[WhiteElo "2450"]
[BlackElo "2365"]

1.Nf3 Nf6 2.c4 g6 3.g3 Bg7 4.Bg2 O-O 5.O-O d5 6.cxd5 Nxd5 7.d4 Nc6 8.Nc3 Nb6
9.e3 e5 10.d5 Ne7 11.e4 Bg4 12.Qb3 c6 13.Bg5 cxd5 14.exd5 Qd7 15.Bxe7 Qxe7
16.Nd2 Rfd8 17.Rfc1 Bh6 18.Rc2 Bf5 19.Nde4 Nc8 20.Nb5 Bxe4 21.Bxe4 Rd7 22.Re1 Nd6
23.Rce2 Nxb5 24.Qxb5 Qd6 25.Bg2 Bg7 26.Rc1 Rc7 27.Rec2 Rac8 28.Rxc7 Rxc7
29.Rxc7 Qxc7 30.d6 Qxd6 31.Qxb7 Qd1+ 32.Bf1 Qd4 33.b3 e4 34.Kg2 Qb6 35.Qxe4 Bd4
36.Bc4 Qf6 37.f4 Bc5 38.a4 Kg7 39.Bd5 a5 40.Qc4 Bb4 41.Kf3 Qc3+ 42.Kg4 Qf6
43.Qc3  1/2-1/2

[Event "IBM-B"]
[Site "Amsterdam"]
[Date "1977.??.??"]
[Round "2"]
[White "Szmetan, Jorge"]
[Black "Cuartas, Carlos"]
[Result "1-0"]
[WhiteElo "2435"]
[BlackElo "2440"]

1.Nf3 Nf6 2.c4 g6 3.g3 Bg7 4.Bg2 O-O 5.O-O c6 6.d4 d6 7.Nc3 Qa5 8.e4 Qh5
9.e5 dxe5 10.dxe5 Ng4 11.Bf4 g5 12.Bxg5 Nxh2 13.Nxh2 Qxg5 14.f4 Qxg3 15.Rf3 Qh4
16.Qd3 Na6 17.Kh1 Bg4 18.Rg3 Nb4 19.Qe3 Nc2 20.Rxg4 Qxh2+ 21.Kxh2 Nxe3 22.Rg3 Nxg2
23.Rxg2 Kh8 24.Rd2 Bh6 25.Kg3 Rad8 26.Rad1 Rg8+ 27.Kf3 Rxd2 28.Rxd2 Rg1 29.Ne2 Rf1+
30.Kg2 Rb1 31.Ng3 Kg7 32.Rd7 Rxb2+ 33.Kf3 e6 34.f5 Kg8 35.f6 Rxa2 36.Ne4 Ra3+
37.Kg4 Bf8 38.Nd6 Rd3 39.Rxb7 Bxd6 40.exd6 h5+ 41.Kxh5 Rxd6 42.Kh6 Rd8 43.Rxa7 Re8
44.Kg5 e5 45.Re7 Kf8 46.Rxe8+ Kxe8 47.Kf5 Kd7 48.Kxe5 Kc7 49.c5 Kd7 50.Kf5 Ke8
51.Kg5 Kf8 52.Kh5 Kg8 53.Kh6 Kh8 54.Kg5 Kh7 55.Kf5  1-0

[Event "IBM-B"]
[Site "Amsterdam"]
[Date "1977.??.??"]
[Round "3"]
[White "Diesen, Mark C"]
[Black "Ligterink, Gert"]
[Result "1/2-1/2"]
[WhiteElo "2360"]
[BlackElo "2430"]

1.Nf3 Nf6 2.c4 g6 3.g3 Bg7 4.Bg2 O-O 5.O-O d6 6.Nc3 Nc6 7.d3 e5 8.Rb1 h6
9.b4 Be6 10.b5 Ne7 11.a4 Qd7 12.Re1 Bh3 13.Bh1 Ng4 14.Ba3 f5 15.c5 Kh7 16.Rc1 Rf7
17.cxd6 cxd6 18.Qb3 Raf8 19.Red1 f4 20.b6 fxg3 21.hxg3 axb6 22.Nb5 Nf5 23.Rc7 Qe8
24.Bxd6 Nd4 25.Nbxd4 exd4 26.Rxf7 Rxf7 27.Qc2  1/2-1/2

[Event "IBM-B"]
[Site "Amsterdam"]
[Date "1977.??.??"]
[Round "4"]
[White "Diesen, Mark C"]
[Black "Cuartas, Carlos"]
[Result "1-0"]
[WhiteElo "2360"]
[BlackElo "2440"]

1.Nf3 Nf6 2.c4 g6 3.g3 Bg7 4.Bg2 O-O 5.O-O d5 6.cxd5 Nxd5 7.d4 Nc6 8.Nc3 Nb6
9.e3 e5 10.d5 Ne7 11.e4 Bg4 12.a4 Nc4 13.Qc2 Nd6 14.Ne1 c6 15.h3 Bd7 16.Bg5 f6
17.Be3 cxd5 18.Qb3 Be6 19.exd5 Bf7 20.Nc2 Nef5 21.Bc5 Qc7 22.Bb4 Rfd8 23.Na3 a6
24.Ne2 Bh6 25.Rad1 Rac8 26.a5 Nc4 27.Qc3 Nfd6 28.Kh2 Nxa3 29.Qxa3 Nb5 30.Qd3 Qc4
31.Be7 Rd6 32.Bxd6 Nxd6 33.Qa3 Nb5 34.Qf3 Nd6 35.Qxf6 Bf8 36.Nc3 Qb4 37.Qf3 Rc4
38.Qe2 Bg7 39.Rfe1 Qxa5 40.Ne4 Nxe4 41.Qxc4 Nxf2  1-0

[Event "IBM-B"]
[Site "Amsterdam"]
[Date "1977.??.??"]
[Round "5"]
[White "Nikolac, Juraj"]
[Black "Van der Sterren, Paul"]
[Result "1-0"]
[WhiteElo "2475"]
[BlackElo "2375"]

1.Nf3 Nf6 2.g3 g6 3.Bg2 Bg7 4.c4 O-O 5.Nc3 Nc6 6.O-O d6 7.Rb1 e5 8.b4 Be6
9.Ng5 Bf5 10.d3 h6 11.Nge4 Nxe4 12.Nxe4 Qd7 13.Bd2 f6 14.b5 Nd8 15.f4 Bh3
16.Bxh3 Qxh3 17.c5 exf4 18.Rxf4 d5 19.Nf2 Qd7 20.Qc2 a6 21.Ra4 Re8 22.e4 f5
23.Bc3 d4 24.Bd2 Kh7 25.c6 bxc6 26.Rxa6 Qc8 27.exf5 gxf5 28.Rxa8 Qxa8 29.Bf4 cxb5
30.Qc5 Re2 31.Qxf5+ Kh8 32.Rf1 Ne6 33.Ne4 Qxa2 34.Qh3 Nxf4 35.gxf4 b4 36.f5 b3
37.f6 Bf8 38.Qg4 Rxh2 39.f7  1-0

[Event "URS-FL"]
[Site "Baku"]
[Date "1977.??.??"]
[Round "1"]
[White "Pereszupkin, Alexander"]
[Black "Grigorian, Karen Ashotovich"]
[Result "0-1"]
[WhiteElo "2395"]
[BlackElo "2465"]

1.Nf3 Nf6 2.c4 g6 3.g3 Bg7 4.Bg2 O-O 5.O-O d6 6.d4 Nbd7 7.Nc3 e5 8.Qc2 Re8
9.Rd1 c6 10.e4 a6 11.h3 b5 12.c5 exd4 13.Nxd4 Nxc5 14.Nxc6 Qc7 15.e5 Bf5
16.Qxf5 gxf5 17.exf6 Ne4 18.Ne7+ Rxe7 19.Nd5 Bxf6 20.Nxc7 Rxc7 21.Rd5 Rac8
22.Bf4 Bxb2 23.Re1 Be5 24.Bxe4 fxe4 25.Rxe4 Rc5 26.Rd3 Rc4 27.Rde3 Bxf4 28.gxf4 R8c6
29.Re8+ Kg7 30.Rg3+ Kf6 31.Rh8 Rxf4 32.Rxh7 Rc1+ 33.Kg2 Rc2 34.Rh6+ Kf5 35.Rh5+ Ke4
36.Re3+ Kd4 37.Rf3 Rxf3 38.Kxf3 Rxa2 39.Rh8 b4 40.Rb8 a5 41.h4 Ke5 42.Kg4 Rxf2
43.Rb5+ Kd4 44.h5 Kc4 45.Rxa5 b3 46.Ra7 b2 47.Rb7 Kc3 48.h6 Rh2  0-1

[Event "URS-FL"]
[Site "Baku"]
[Date "1977.??.??"]
[Round "2"]
[White "Gutman, Lev"]
[Black "Rashkovsky, Nukhim N"]
[Result "1/2-1/2"]
[WhiteElo "2395"]
[BlackElo "2510"]

1.Nf3 Nf6 2.c4 g6 3.g3 Bg7 4.Bg2 O-O 5.O-O Nc6 6.d4 d6 7.h3 e5 8.Be3 Nd7
9.Nc3 Re8 10.Qd2 e4 11.Ne1 Nb6 12.b3 d5 13.c5 Nd7 14.Bg5 f6 15.Be3 Ne7 16.Nc2 Nf8
17.f3 Nf5 18.Bf2 Bh6 19.Qd1 exf3 20.exf3 c6 21.Qd3 Ng7 22.Rae1 Bf5 23.Qd1 Qd7
24.Kh2 Be6 25.Be3 Bxe3 26.Nxe3 f5 27.Ne2 Nh5 28.Qd2 Qc7 29.Nd1 Bf7 30.f4 Nf6
31.Nf2 Ne4 32.Qc1 b6 33.Nd3 Nd7 34.Ne5 bxc5 35.Bxe4 dxe4 36.Nxf7 Kxf7 37.dxc5 Nf6
38.Rd1 Rad8 39.Rxd8 Rxd8 40.Qc4+ Nd5 41.Rd1 Ke7 42.Nd4 Qd7 43.Qa4 Rc8 44.Nc2 Qc7
45.Qd4 Nf6 46.Qa4 Nd5 47.Qc4 Rd8 48.Nd4 Kf6 49.b4 Qd7 50.Nc2 Qe7 51.b5 Nc7
52.Qc3+ Kf7 53.Rxd8 Qxd8 54.b6 Nd5 55.Qb3 axb6 56.Nb4 bxc5 57.Nxc6 Qd6 58.Qb7+ Ne7
59.Ne5+  1/2-1/2

[Event "URS-FL"]
[Site "Baku"]
[Date "1977.??.??"]
[Round "8"]
[White "Petrosian, Arshak B"]
[Black "Petrushin, Alexander I"]
[Result "1/2-1/2"]
[WhiteElo "2345"]
[BlackElo "2345"]

1.Nf3 Nf6 2.c4 g6 3.g3 Bg7 4.Bg2 O-O 5.O-O c5 6.d4 cxd4 7.Nxd4 Nc6 8.Nc3 Ng4
9.e3 Nxd4 10.exd4 d6 11.b3 Nh6 12.Bd2 Re8 13.d5 Bd7 14.Rc1 a6 15.Ne4 Nf5
16.Bc3 b5 17.Bxg7 Nxg7 18.c5 dxc5 19.d6 Ra7 20.Nxc5 Nf5 21.dxe7 Qxe7 22.Qd2 Be6
23.Rfe1 Rd8 24.Nxe6 fxe6 25.Qa5 Nd4 26.Qb6 Rad7 27.h4 Rd6 28.Rc7 R8d7 29.Rxd7 Qxd7
30.Qc5 Nf5 31.Qe5 Rd2 32.Rc1 Rd1+ 33.Rxd1 Qxd1+ 34.Kh2 Qd6 35.Qf6 Qe7 36.Qe5 Qd6
37.Qc3 e5 38.Qc8+ Kg7 39.Qb7+ Kh6 40.Qc6 Qxc6 41.Bxc6 b4 42.Kg2 Nd4 43.Bd5 Kg7
44.Kf1 a5  1/2-1/2

[Event "URS-FL"]
[Site "Baku"]
[Date "1977.??.??"]
[Round "14"]
[White "Petrosian, Arshak B"]
[Black "Grigorian, Karen Ashotovich"]
[Result "0-1"]
[WhiteElo "2345"]
[BlackElo "2465"]

1.Nf3 Nf6 2.c4 g6 3.g3 Bg7 4.Bg2 O-O 5.O-O d6 6.d4 Nbd7 7.Nc3 e5 8.h3 c6
9.e4 a6 10.Qc2 Qc7 11.Be3 b5 12.Rfd1 b4 13.Na4 c5 14.dxe5 dxe5 15.Nd2 Re8
16.Nf1 Bf8 17.a3 Bb7 18.axb4 cxb4 19.b3 Bc6 20.Bg5 Nh5 21.Ne3 h6 22.Nd5 Bxd5
23.exd5 hxg5 24.d6 Qa7 25.Bxa8 Qxa8 26.c5 Qc6 27.Qc4 Nhf6 28.Rac1 e4 29.Nb6 Ne5
30.Qe2 Nd3 31.Rxd3 exd3 32.Qxd3 Rd8 33.Rc4 Bxd6 34.Rd4 Qxc5 35.Nc4 Ne8 36.Rd5 Qc7
37.Ne5 Be7 38.Nxg6 fxg6  0-1

[Event "Tungsram"]
[Site "Budapest"]
[Date "1977.??.??"]
[Round "?"]
[White "Vadasz, Laszlo"]
[Black "Schmidt, Wlodzimierz"]
[Result "1/2-1/2"]
[WhiteElo "2495"]
[BlackElo "2490"]

1.Nf3 Nf6 2.c4 g6 3.g3 Bg7 4.Bg2 O-O 5.O-O c5 6.d4 cxd4 7.Nxd4 d5 8.cxd5 Nxd5
9.Nc3 Nxc3 10.bxc3 Nc6  1/2-1/2

[Event "Tungsram"]
[Site "Budapest"]
[Date "1977.??.??"]
[Round "?"]
[White "Filip, Miroslav"]
[Black "Schmidt, Wlodzimierz"]
[Result "1/2-1/2"]
[WhiteElo "2500"]
[BlackElo "2490"]

1.Nf3 Nf6 2.c4 g6 3.g3 Bg7 4.Bg2 O-O 5.O-O c6 6.d4 d5 7.Nbd2 Bf5 8.b3 Ne4
9.Bb2 Qa5 10.Nxe4 Bxe4 11.Qd2 Qxd2 12.Nxd2 Bxg2 13.Kxg2 Rd8 14.cxd5  1/2-1/2

[Event "ITA-ch38"]
[Site "Castelvecchio Pascoli"]
[Date "1977.??.??"]
[Round "7"]
[White "Spinetti, Paolo"]
[Black "Passerotti, Pierluigi"]
[Result "1-0"]
[WhiteElo "2110"]
[BlackElo "2380"]

1.Nf3 Nf6 2.c4 g6 3.g3 Bg7 4.Bg2 O-O 5.O-O d6 6.Nc3 Nc6 7.d4 Bd7 8.h3 Qc8
9.Kh2 a6 10.e3 Rb8 11.Qe2 Re8 12.Bd2 e5 13.d5 Nd8 14.Rfc1 c5 15.a4 b6 16.e4 Nb7
17.Rab1 Nh5 18.Nh4 Qd8 19.Bf3 Nf4 20.gxf4 Qxh4 21.f5 gxf5 22.Rg1 fxe4 23.Bg4 f5
24.Bh5 f4 25.Bg4 Re7 26.Bxd7 Rxd7 27.Rg4 Qh6 28.Nxe4 Kh8 29.Rbg1 Qh5 30.f3 Rf8
31.Qg2 Qf7 32.Ng5 Qe7 33.Ne6 Rf7 34.Be1 Qf6 35.Bh4 Qh6 36.Bg5 Qg6 37.Be7 Qxg4
38.Qxg4 Rfxe7 39.Qh5 h6 40.Nxg7 Rxg7 41.Qxh6+ Kg8 42.Qe6+ Rf7 43.Rg4 Rxg4
44.hxg4 Na5 45.g5 Kg7 46.Qh6+ Kg8 47.g6 Ra7 48.b3 Nxb3 49.Qh4 Nd4 50.Qd8+ Kg7
51.Qxd6 Kh6 52.g7+ Kxg7 53.Qxe5+ Kg6 54.Qd6+ Kf5 55.Qxb6 Rh7+ 56.Kg2 Rg7+
57.Kf2 Rg3 58.Qb1+ Kf6 59.Qe4 Rxf3+ 60.Qxf3 Nxf3 61.Kxf3 Kf5 62.a5 Ke5 63.d6 Kxd6
64.Kxf4 Ke6 65.Ke4 Kd6 66.Kf5 Kc7 67.Ke5 Kc6 68.Ke6 Kc7 69.Kd5 Kd7 70.Kxc5 Kc7
71.Kd5 Kd7 72.c5 Kc7 73.c6 Kc8 74.Kd4 Kd8 75.Kc4 Kc8 76.Kd5 Kc7 77.Kc5 Kc8
78.Kb6 Kb8 79.Kxa6 Kc7 80.Kb5  1-0

[Event "DDR-ch 26th"]
[Site "Frankfurt/Oder"]
[Date "1977.??.??"]
[Round "8"]
[White "Moehring, Guenther"]
[Black "Mueller, Klaus Uwe"]
[Result "0-1"]
[WhiteElo "2400"]
[BlackElo "2300"]

1.Nf3 Nf6 2.c4 g6 3.g3 Bg7 4.Bg2 O-O 5.d4 d6 6.O-O Nc6 7.d5 Na5 8.Nbd2 c5
9.a3 b6 10.b4 Nb7 11.Bb2 e5 12.dxe6 Bxe6 13.bxc5 Nxc5 14.Nd4 Rc8 15.Nb5 Qe7
16.Rc1 Rfe8 17.Re1 a6 18.Nc3 Bh6 19.Nd5 Nxd5 20.cxd5 Bd7 21.Rxc5 bxc5 22.Ne4 Bg7
23.Qa1 f5 24.Bxg7 fxe4 25.Bc3 Rb8 26.Qa2 h5 27.Qc2 Bf5 28.e3 Rb6 29.h3 Kh7
30.Ba1 Kh6 31.Kh2 Reb8 32.Rh1 Rb3 33.g4 Rxa3 34.Bb2 Ra2 35.Bg7+ Qxg7 36.Qxa2 Qe5+
37.Kg1 Bd7 38.Bf1 Rb2 39.Qxa6 Qf6 40.Rh2 Rb1 41.Rg2 g5 42.h4 Bb5  0-1

[Event "Concordia"]
[Site "Hamburg"]
[Date "1977.??.??"]
[Round "4"]
[White "Webb, Simon"]
[Black "Popovych, Orest"]
[Result "1-0"]
[WhiteElo "2395"]
[BlackElo "2370"]

1.Nf3 Nf6 2.c4 g6 3.g3 Bg7 4.Bg2 O-O 5.Nc3 d6 6.d4 Nc6 7.d5 Na5 8.b3 c6 9.Bb2 cxd5
10.cxd5 Bd7 11.O-O Rc8 12.Rc1 Qb6 13.Qd2 Ng4 14.e3 Rc7 15.h3 Ne5 16.Nxe5 Bxe5
17.Ne2 Bxb2 18.Rxc7 Qxc7 19.Qxb2 Rc8 20.Rc1 Qd8 21.Rxc8 Qxc8 22.Qd4 b6 23.Qe4 Qe8
24.b4 Bf5 25.Qh4 Nb7 26.Nd4 Bb1 27.a3 a5 28.Nc6 axb4 29.axb4 f6 30.Qd4 Nd8
31.Qxb6 Nf7 32.Qc7 Qa8 33.Nxe7+ Kf8 34.Nc6 Qa1 35.Kh2 Qb2 36.Qe7+ Kg8 37.Nd4 Bf5
38.g4 Bxg4 39.hxg4 Qxf2 40.Qe8+  1-0

[Event "Le Havre"]
[Site "Le Havre"]
[Date "1977.??.??"]
[Round "?"]
[White "Beliavsky, Alexander G"]
[Black "Ligterink, Gert"]
[Result "0-1"]
[WhiteElo "2555"]
[BlackElo "2430"]

1.Nf3 Nf6 2.c4 g6 3.g3 Bg7 4.Bg2 O-O 5.O-O d6 6.d4 Nc6 7.Nc3 a6 8.h3 Rb8
9.e4 b5 10.cxb5 axb5 11.Be3 b4 12.Ne2 Na5 13.Nd2 Nd7 14.Rc1 c5 15.b3 Ba6
16.Nf3 Nc6 17.d5 Na7 18.Nd2 Nb5 19.Nc4 Nc3 20.Nxc3 bxc3 21.Re1 Bxc4 22.bxc4 Qa5
23.Bf1 Rb2 24.Re2 Rfb8 25.f4 Qxa2 26.Rec2 Rxc2 27.Rxc2 Rb2 28.Rc1 Nb6 29.Qd3 Rb4
30.e5 Nxc4 31.Bf2 Nb6 32.Qxc3 Rb2 33.Qe1 Qxd5 34.Rd1 Qc6 35.Bg2 d5 36.Qa5 Rb5
37.Qa6 e6 38.Bf1 Rb4 39.Rc1 Bf8 40.Qa5 Ra4  0-1

[Event "Lord John Cup"]
[Site "London"]
[Date "1977.??.??"]
[Round "9"]
[White "Stean, Michael"]
[Black "Quinteros, Miguel A"]
[Result "1/2-1/2"]
[WhiteElo "2485"]
[BlackElo "2555"]

1.Nf3 Nf6 2.c4 g6 3.g3 Bg7 4.Bg2 O-O 5.O-O d6 6.Nc3 e5 7.d4 Nbd7 8.e4 c6
9.h3 Qb6 10.Re1 Re8 11.d5 Nc5 12.Rb1 a5 13.Be3 Qc7 14.Nd2 Nfd7 15.Qc2 Nb6
16.b3 f5 17.Rbc1 Bd7 18.a3 cxd5 19.Nxd5 Qd8 20.exf5 Bxf5 21.Qd1 Nbd7 22.g4 Be6
23.Qc2 Kh8 24.b4 axb4 25.axb4 Bxd5 26.cxd5 Na6 27.Ne4 Qe7 28.Qd2 Nf6 29.Ng5 Rac8
30.Ne6 Nc7 31.Nxg7 Qxg7 32.f4 Nd7 33.fxe5 Nxe5 34.Bd4 Nb5 35.Rxc8 Rxc8 36.Bxe5 dxe5
37.Qe2 Nd6 38.Qxe5 Qxe5 39.Rxe5 Re8 40.Rxe8+ Nxe8 41.Kf2 Kg7 42.Ke3 Kf6 43.d6 Nxd6
44.Kd4 b6 45.Kd5 Nb5 46.Bf1 Na3 47.Kc6 Nc2 48.b5 Kg5 49.Kxb6 Nd4 50.Kc5 Nxb5
51.Bxb5 Kh4 52.Bd7 Kxh3 53.Kd4  1/2-1/2

[Event "Lone Pine"]
[Site "Lone Pine"]
[Date "1977.??.??"]
[Round "3"]
[White "Sunye Neto, Jaime"]
[Black "Grefe, John A"]
[Result "1/2-1/2"]
[WhiteElo "2265"]
[BlackElo "2425"]

1.Nf3 Nf6 2.c4 g6 3.g3 Bg7 4.Bg2 O-O 5.O-O d6 6.Nc3 e5 7.d3 Nc6 8.Rb1 a5
9.a3 h6 10.b4 axb4 11.axb4 Be6 12.b5 Ne7 13.Nd2 c6 14.Qb3 d5 15.Ba3 e4 16.Bc5 exd3
17.exd3 Re8 18.bxc6 bxc6 19.Qb4 dxc4 20.dxc4 Qxd2 21.Rfd1 Qc2 22.Rdc1 Qf5
23.Bxe7 Ng4 24.Ne4 Ra2 25.Bc5 Qh5 26.h3 Ne5 27.g4 Bxg4 28.hxg4 Nxg4 29.Qb3 Re2
30.Re1 R8xe4 31.Qb8+ Kh7 32.Bxe4 Be5 33.Qa7 Rxe4 34.Qxf7+ Bg7 35.Bd6 Nxf2
36.Qxf2 Bd4 37.Rb7+ Kg8 38.Rxe4 Bxf2+ 39.Kxf2 Qf5+ 40.Rf4 Qc2+ 41.Ke3 Qc3+  1/2-1/2

[Event "Lone Pine"]
[Site "Lone Pine"]
[Date "1977.??.??"]
[Round "8"]
[White "Dake, Arthur William"]
[Black "Fedorowicz, John P"]
[Result "0-1"]
[WhiteElo "2365"]
[BlackElo "2440"]

1.Nf3 Nf6 2.c4 g6 3.g3 Bg7 4.Bg2 O-O 5.O-O d6 6.d4 Nbd7 7.Nc3 e5 8.Qc2 c6
9.Rd1 Qc7 10.b4 Re8 11.e3 Nf8 12.dxe5 dxe5 13.Bb2 Bf5 14.e4 Bg4 15.c5 Ne6
16.Ne2 Bxf3 17.Bxf3 Rad8 18.Bg2 h5 19.h4 Ng4 20.Rxd8 Rxd8 21.Rd1 Nd4 22.Qd3 Nf3+
23.Bxf3 Rxd3 24.Rxd3 Qc8 25.Nc3 a5 26.a3 axb4 27.axb4 Qe6 28.b5 Bf8 29.bxc6 bxc6
30.Nd1 Bxc5 31.Rd8+ Kh7 32.Kg2 Qf6 33.Rd3 Bd4 34.Bc1 c5 35.Be2 Qc6 36.f3 Nf6
37.Rd2 Ne8 38.Ra2 Qb7 39.Bg5 Kg7 40.Kf1 Qc8 41.Kg2 Nc7 42.Bc4 Qb7 43.Rc2 Qb1
44.Rc1 Qb4 45.Rc2 Qe1 46.Nf2 f6 47.Re2 Qb4  0-1

[Event "Lublin"]
[Site "Lublin"]
[Date "1977.??.??"]
[Round "2"]
[White "Doda, Zbigniew"]
[Black "Lipski, Tadeusz"]
[Result "1/2-1/2"]
[WhiteElo "2375"]
[BlackElo "2325"]

1.Nf3 Nf6 2.c4 g6 3.g3 Bg7 4.Bg2 O-O 5.O-O d5 6.d4 Nc6 7.cxd5 Nxd5 8.Nc3 Nb6
9.e3 e5 10.d5 Ne7 11.e4 Bg4 12.Qb3 c6 13.Nh4 cxd5 14.exd5 Nec8 15.Be3 Nd6
16.h3 Bf5 17.Nxf5 Nxf5 18.Bc5 Nd4 19.Bxd4 exd4  1/2-1/2

[Event "Lublin"]
[Site "Lublin"]
[Date "1977.??.??"]
[Round "6"]
[White "Panchenko, Alexander N"]
[Black "Sznapik, Aleksander"]
[Result "1/2-1/2"]
[WhiteElo "2435"]
[BlackElo "2405"]

1.Nf3 Nf6 2.c4 g6 3.g3 Bg7 4.Bg2 O-O 5.O-O d6 6.d4 Bg4 7.Nc3 Qc8 8.Qc2 Re8
9.Ne1 c5 10.d5 Na6 11.a3 Nc7 12.Nd3  1/2-1/2

[Event "Montilla"]
[Site "Montilla"]
[Date "1977.??.??"]
[Round "8"]
[White "Stean, Michael"]
[Black "Byrne, Robert E"]
[Result "1/2-1/2"]
[WhiteElo "2485"]
[BlackElo "2580"]

1.c4 g6 2.g3 Bg7 3.Bg2 Nf6 4.Nf3 O-O 5.O-O d6 6.Nc3 c6 7.d4 Bf5 8.b3 Ne4
9.Bb2 Nxc3 10.Bxc3 Be4 11.Ne1 Bxg2 12.Nxg2 d5 13.Qd3  1/2-1/2

[Event "Marshall CC"]
[Site "New York"]
[Date "1977.??.??"]
[Round "?"]
[White "Shamkovich, Leonid"]
[Black "Zuckerman, Bernard"]
[Result "1-0"]
[WhiteElo "2485"]
[BlackElo "2450"]

1.Nf3 Nf6 2.c4 g6 3.g3 Bg7 4.Bg2 O-O 5.d4 c5 6.Nc3 cxd4 7.Nxd4 Nc6 8.O-O Nxd4
9.Qxd4 d6 10.Qd3 a6 11.Be3 Ng4 12.Bd4 Ne5 13.Qd1 Rb8 14.a4 Be6 15.Nd5 b6
16.b3 a5 17.e4 Nd7 18.Bxg7 Kxg7 19.f4 Nc5 20.Ra2 Bxd5 21.exd5 f5 22.Re2 Qe8
23.Rfe1 Rb7 24.Re3 Qf7 25.Qe2 Re8 26.Re6 Rd7 27.Bf3 Qf8 28.Qb2+ Kg8 29.R6e3 Qg7
30.Qxg7+ Kxg7 31.g4 fxg4 32.Bxg4 Ra7 33.Kg2 Kf6 34.h4 Rf8 35.Kg3 Rf7 36.Bd1 Ra8
37.h5 Rg8 38.h6  1-0